00609nam a2200205Ia 4500003000400000005001700004006001800021007000300039008004100042024000900083037001100092040001800103041001300121100002500134110006700159245008600226260000900312650001500321700006700336OSt20220930071104.0a|||||r|||| 00| 0ta220926b |||||||| |||| 00| 0 eng d a7950 cTheses aCRLcCRLbeng 2engaeng aVeeraraghavan Vimala aUniversity of Delhi. Faculty of Arts. Department of Psychology 0aExperimental investigation of trace inaccessibility amongst functional psychotics c1975 aPSYCHOLOGY aUniversity of Delhi. Faculty of Arts. Department of Psychology